| 000 | 00997nac a22003017a 4500 | ||
|---|---|---|---|
| 001 | BR9603915 | ||
| 003 | BR-BrBNA | ||
| 005 | 20240105121756.0 | ||
| 008 | 230509b bl.|||m| |||| 00| 0 por d | ||
| 040 |
_aBR-BrBNA _bpor _cBiblioteca Nacional de Agricultura |
||
| 072 | _aJ11 | ||
| 090 | _a0230 BR9603915 | ||
| 100 | 1 | _aVieira, L.B. | |
| 100 | 1 | _aPinto, F. de A.C. | |
| 100 | 1 | _aZinato, C.E. | |
| 100 | 1 | _aDias, G.P. | |
| 110 | 1 |
_aAssociacao dos Engenheiros Agricolas de Minas Gerais, Vicosa (Brasil) _9584 |
|
| 245 | 1 | _aAnalise dos sistemas de transporte tradicional de cana-de-acucar (STD)e transporte com transbordo (STB) | |
| 260 | 3 |
_aVicosa, MG (Brasil): _c1995. |
|
| 300 | _a6 p. | ||
| 490 |
_aEngenharia na Agricultura. Serie Mecanizacao Agricola (Brazil) _vv. 4 no. (6) _x |
||
| 500 | _aSummaries (En, Pt) | ||
| 650 | _aCana de Acucar | ||
| 650 | _aTransporte | ||
| 650 | _aCusto Operacional | ||
| 909 |
_a202312 _bLúcia Elande _c55 _dLúcia Elande |
||
| 942 |
_2AGRIS _n0 _cMS |
||
| 999 |
_c287376 _d287376 |
||